Female musicians in the classical style - Statistics

General Stats
  • This quiz has been taken 42 times
  • The average score is 3 of 15
Answer Stats
Hint Answer % Correct
Famous 19th century pianist and composer Clara Schumann
85%
Had many works published under her brother's name Fanny Mendelssohn
62%
First woman to win the Prix de Rome Lili Boulanger
44%
Wrote 'Gaelic Symphony' Amy Beach
41%
Wrote 'The March of the Women' Ethel Smyth
21%
First woman to be Master of the Queen's music Judith Weir
15%
Russian composer known for being very small Galina Ustvolskaya
12%
First woman to write a film score Grace Williams
12%
Won the 2014 British Composer Award for choral music Cecilia McDowall
6%
Developed her own 12-tone technique Elizabeth Luytens
6%
Wrote 13 string quartets; taught by Vaughn Williams Elizabeth Maconchy
6%
First female conductor of an Oxbridge college choir Sarah MacDonald
6%
One of the first female festival administrators Imogen Holst
3%
Wrote 'Westminster Mass' Roxanna Panufnik
3%
First early music performer Wanda Landowski
3%
No matching quizzes found
Score Distribution
Percent of People with Each Score
Percentile by Number Answered
Your Score History
You have not taken this quiz